| 000 | 00383pam a2200145 a 4500 | ||
|---|---|---|---|
| 020 | _c | ||
| 041 | _h | ||
| 082 |
_a4.0000000000000001E-2 _bBHA |
||
| 100 | _aBhatt,M.S | ||
| 245 |
_aInformation Technology In The Indian Economy _hTextual Documents |
||
| 260 |
_aKolkkata _bNew Central Book Agency Private Limited _c2009 |
||
| 300 | _aXXXI/339 | ||
| 700 | _aLliyan,A. | ||
| 930 | _a140 | ||
| 999 |
_c106973 _d106973 |
||